|
|
|
|
| LEADER |
00000nam2a2200000 4500 |
| 001 |
241793 |
| 005 |
20231101231838.0 |
| 010 |
|
|
|a 9785985890389
|
| 035 |
|
|
|a (RuTPU)RU\TPU\book\263082
|
| 035 |
|
|
|a RU\TPU\book\7257
|
| 035 |
|
|
|a RU\TPU\book\263073
|
| 090 |
|
|
|a 241793
|
| 100 |
|
|
|a 20130820d2010 k y0rusy50 ca
|
| 101 |
0 |
|
|a rus
|
| 102 |
|
|
|a RU
|
| 105 |
|
|
|a a z 001zy
|
| 200 |
0 |
|
|a Т. 8: Медицинские материалы с памятью формы при стоматологическом лечении больных сахарным диабетом
|f Красноярский научный центр стоматологической реабилитации больных сахарным диабетом
|
| 210 |
|
|
|d 2010
|
| 215 |
|
|
|a 166 л.
|
| 320 |
|
|
|a Библиогр.: с. 139-166.
|
| 330 |
|
|
|a Бурное развитие науки в последние десятилетия открыло широкие возможности для внедрения новых подходов в лечении многих тяжелых заболеваний, в том числе и сахарного диабета. Разработка нового класса биосовместимых материалов с памятью формы - сплавов на основе никелида титана - позволило проводить восстановительные операции на твёрдых и мягких тканях, а также создавать более эффективные эндопроте-зы и искусственные органы. Создание литейного стоматологического сплава «Титанид» и соответствующей керамики для данного сплава повысило функциональное и эстетическое качество восстановления целостности зубных рядов для широкого круга стоматологических пациентов, включая пациентов, страдающих сахарным диабетом. Для стоматологов, эндокринологов, травматологов, хирургов, патофизиологов и специалистов, работающих в области медицинского материаловедения.
|
| 461 |
|
1 |
|0 (RuTPU)RU\TPU\book\261032
|y 978-5-98589-036-5
|t Медицинские материалы и имплантаты с памятью формы
|o в 14 т.
|f Томский государственный университет (ТГУ), Сибирский физико-технический институт им. В. Д. Кузнецова (СФТИ), НИИ Медицинских материалов и имплантатов с памятью формы (НИИММ) ; под ред. В. Э. Гюнтера
|v Т. 8: Медицинские материалы с памятью формы при стоматологическом лечении больных сахарным диабетом
|d 2009-2013
|
| 606 |
1 |
|
|a Имплантаты
|2 stltpush
|3 (RuTPU)RU\TPU\subj\71629
|9 85445
|
| 610 |
1 |
|
|a медицинские материалы
|
| 610 |
1 |
|
|a организм человека
|
| 610 |
1 |
|
|a сахарный диабет
|
| 610 |
1 |
|
|a этиология
|
| 610 |
1 |
|
|a патогенез
|
| 610 |
1 |
|
|a медицинское материаловедение
|
| 610 |
1 |
|
|a имплантология
|
| 610 |
1 |
|
|a зубочелюстная система
|
| 610 |
1 |
|
|a патоморфология
|
| 610 |
1 |
|
|a клинические исследования
|
| 610 |
1 |
|
|a стоматологическое лечение
|
| 610 |
1 |
|
|a стоматология
|
| 675 |
|
|
|a 615.4
|v 3
|
| 712 |
0 |
2 |
|a Красноярский научный центр стоматологической реабилитации больных сахарным диабетом
|2 stltpush
|3 (RuTPU)RU\TPU\col\18919
|9 27265
|
| 801 |
|
0 |
|a RU
|b 63413507
|c 20011209
|g PSBO
|
| 801 |
|
2 |
|a RU
|b 63413507
|c 20130904
|g PSBO
|
| 942 |
|
|
|c BK
|